Border texts: cultural readings for contemporary writers
Enregistré dans:
| Auteur principal: | |
|---|---|
| Format: | Livre |
| Langue: | anglais |
| Publié: |
Boston
Houghton Mifflin Company
1999
|
| Édition: | 1a. ed |
| Sujets: | |
| Tags: |
Ajouter un tag
Pas de tags, Soyez le premier à ajouter un tag!
|
MARC
| LEADER | 00000cam a2200000 a 4500 | ||
|---|---|---|---|
| 001 | UCC5035 | ||
| 003 | CL-VaPUC | ||
| 008 | 180913e19990000us |||||||||||||||||eng|d | ||
| 020 | |a 0395677289 | ||
| 082 | 0 | 4 | |a 808.0427 |b BAS |2 21 |
| 100 | 0 | |a Bass, Randall |e author |9 599323 | |
| 245 | 1 | 0 | |a Border texts: cultural readings for contemporary writers |
| 250 | |a 1a. ed | ||
| 300 | |a 690 p | ||
| 942 | |c BK | ||
| 945 | |d 20180913 22:58:00 |a dcastane | ||
| 260 | |a Boston |b Houghton Mifflin Company |c 1999 | ||
| 650 | 0 | |a Retórica |9 266620 | |
| 650 | 0 | |a Multiculturalismo |9 435149 | |
| 650 | 0 | |a Ciencias sociales |9 256351 | |
| 583 | |a last modification |c 20180913 22:58:00 |k Rodrigo Vera | ||
| 999 | |c 372375 |d 372373 | ||
| 952 | |0 0 |1 0 |3 erb |4 0 |6 808_042700000000000_BAS_1999 |7 0 |8 A |9 490011 |a BIBHIS |b BIBHIS |i 5501466 |o 808.0427 BAS 1999 |p 5501466 |r 2025-01-20 |w 2019-11-24 |y BK |z Catalogado en:20180913 |k HIS | ||